| Tag |
First Indicator |
Second Indicator |
Subfields |
| LEADER |
00000cam a22000008a 4500 |
| 001 |
in00000092542 |
| 005 |
20151008064248.0 |
| 008 |
811006s1982 nyu b 00110 eng |
| 010 |
|
|
|a 80008462
|
| 020 |
|
|
|a 0824048601 :
|c $35.00
|
| 035 |
|
|
|a (OCoLC)07923725
|
| 035 |
|
|
|9 AAK3842AM
|
| 039 |
0 |
|
|a 2
|b 3
|c 3
|d 3
|e 3
|
| 040 |
|
|
|a DLC
|c DLC
|d TXA
|d UtOrBLW
|
| 043 |
|
|
|a n-us---
|
| 049 |
|
|
|a TXAM
|c [1672296]
|
| 050 |
0 |
0 |
|a E748.I28
|b L4
|
| 082 |
0 |
|
|a 973.917/092/4
|a B
|2 19
|
| 100 |
1 |
|
|a Lear, Linda J.,
|d 1940-
|
| 245 |
1 |
0 |
|a Harold L. Ickes :
|b the aggressive progressive, 1874-1933 /
|c Linda J. Lear.
|
| 264 |
|
1 |
|a New York :
|b Garland Pub.,
|c 1981.
|
| 300 |
|
|
|a vii, 452 pages ;
|c 24 cm.
|
| 336 |
|
|
|a text
|b txt
|2 rdacontent
|
| 337 |
|
|
|a unmediated
|b n
|2 rdamedia
|
| 338 |
|
|
|a volume
|b nc
|2 rdacarrier
|
| 490 |
1 |
|
|a Modern American history
|
| 500 |
|
|
|a Includes index.
|
| 504 |
|
|
|a Bibliography: pages 404-452.
|
| 600 |
1 |
0 |
|a Ickes, Harold L.
|q (Harold LeClair),
|d 1874-1952.
|
| 650 |
|
0 |
|a Progressivism (United States politics)
|
| 650 |
|
0 |
|a Statesmen
|z United States
|v Biography.
|
| 651 |
|
0 |
|a United States
|x Politics and government
|y 1865-1933.
|
| 830 |
|
0 |
|a Modern American history.
|
| 999 |
|
|
|a MARS
|
| 999 |
f |
f |
|s 39342bac-1ad9-39e8-9bd3-56efc952d3ea
|i 93556d58-5bf3-3da5-9728-57323905ca91
|t 0
|
| 952 |
f |
f |
|p ric
|a Texas A&M University
|b Rellis Campus
|c Joint Library Facility
|d Remote Storage
|t 0
|e E748.I28 L4
|h Library of Congress classification
|i unmediated -- volume
|m A14806108104
|
| 998 |
f |
f |
|a E748.I28 L4
|t 0
|l Remote Storage
|